| 000 | 00925nam a2200289 a 4500 | ||
|---|---|---|---|
| 001 | 54628 | ||
| 003 | BD-RjUL | ||
| 005 | 20211209080140.0 | ||
| 008 | 161108b2000 i ||||| |||| 00| 0 eng d | ||
| 020 | _a0761994408 | ||
| 020 | _a0761994467 | ||
| 020 | _a8170369177 | ||
| 020 | _a8170369185 | ||
| 035 | _a(BD-RjUL) 54750 | ||
| 040 |
_aBD-RjUL _beng _cBD-RjUL |
||
| 041 | _aeng | ||
| 082 |
_223 _a300.72 _bMUM 2000 |
||
| 100 | 1 |
_aMukherjee, Ramkrishna _9149250 |
|
| 245 | 1 | 0 |
_aMethodology in social research : _b dilemmas and perspectives : essays in honor of Ramkrishna Mukherjee / _cRamkrishna Mukherjee; Partha N Mukherji |
| 260 |
_aNew Delhi : _bSage Publications, _c 2000. |
||
| 300 |
_a263 p. : _bill. ; _c20 cm |
||
| 500 | _aIncludes Index | ||
| 650 |
_aSocial sciences _xMethodology. _9125460 |
||
| 650 |
_aSocial sciences _xResearch. _9162930 |
||
| 700 |
_aMukherji, Partha Nath _9162931 |
||
| 942 |
_2ddc _cBK |
||
| 999 |
_c54628 _d54628 |
||